Born at the Burnt Land (Record no. 335017)
[ view plain ]
| 000 -LEADER | |
|---|---|
| fixed length control field | 00510nam a2200097Ia 4500 |
| 008 - FIXED-LENGTH DATA ELEMENTS--GENERAL INFORMATION | |
| fixed length control field | 170517s9999 xx 000 0 und d |
| 245 ## - TITLE STATEMENT | |
| Title | Born at the Burnt Land |
| 300 ## - PHYSICAL DESCRIPTION | |
| Extent | Following the resolution of Operation Desert Storm in 1991, American troops returned home to a rousing welcome from a grateful public. But for many of these veterans, their war had just begun. Widespread incidents of memory loss, eyesight impairment... |
| 650 ## - SUBJECT ADDED ENTRY--TOPICAL TERM | |
| General subdivision | Technology. |
| 856 ## - ELECTRONIC LOCATION AND ACCESS | |
| Uniform Resource Identifier | <a href="http://topdocumentaryfilms.com/born-burnt-land/">http://topdocumentaryfilms.com/born-burnt-land/</a> |
| Withdrawn status | Lost status | Damaged status | Home library | Current library | Date acquired | Total Checkouts | Date last seen | Price effective from | Koha item type |
|---|---|---|---|---|---|---|---|---|---|
| College Library | College Library | 05/17/2017 | 05/17/2017 | 05/17/2017 | Documentary Films |